| 000 | 00799cam a22002411 4500 | ||
|---|---|---|---|
| 001 | sa 68020336 | ||
| 003 | DLC | ||
| 005 | 20260227112723.0 | ||
| 008 | 750430s1965 xx 000 0 ind | ||
| 010 | _asa 68020336 | ||
| 035 | _a(OCoLC)1305741 | ||
| 040 |
_aDLC _cOAU _dDLC |
||
| 042 | _apremarc | ||
| 050 | 0 | 0 |
_aHC447 _b.M37 |
| 245 | 0 | 0 |
_aMasalah² ekonomi dan faktor² Ipolsos (ideologi, politik, sosial) _coleh Widjojo Nitisastro [et al.] |
| 260 |
_aDjakarta, _bLembaga Ekonomi dan Kemasjarakatan Nasional, _c1965. |
||
| 300 |
_a139 p. _c21 cm. |
||
| 504 | _aIncludes bibliographical references. | ||
| 651 | 0 |
_aIndonesia _xEconomic policy. |
|
| 651 | 0 |
_aIndonesia _xSocial conditions. |
|
| 700 | 1 | _aNitisastro, Widjojo. | |
| 710 | 1 |
_aDjakarta. _bLembaga Ekonomi dan Kemasjarakatan Nasional. |
|
| 999 |
_c89367 _d89367 |
||